Statistiken für Alle Station RB 84 „Egge-Bahn“

Klicken Sie hier um das Quiz zu spielen!

Allgemein

  • Dieses Quiz wurde 15 mal gespielt
  • Das Durchschnittsergebnis liegt bei 7 aus 11

Antwortstatistiken

Antwort% Korrekt
Paderborn Hbf
91%
Altenbeken
82%
Höxter-Rathaus
82%
Bad Driburg (Westf)
64%
Holzminden
64%
Höxter-Godelheim
64%
Höxter-Ottbergen
64%
Kreiensen
64%
Brakel
55%
Höxter-Lüchtringen
45%
Stadtoldendorf
45%

Verteilung der Resultate

Perzentil nach korrekt beantworteten Fragen

Anzahl Personen mit jedem Resultat

Ihre Resultats-Entwicklung

Sie haben dieses Quiz noch nicht gespielt